Brain child : How smart parents make smart kids

Bibliographic Details
Main Author: Buzan, Tony
Other Authors: Wood, Godfrey
Format: Book
Published: London : Thorsons , 2003
Subjects:

MARC

LEADER 00000cam a2200000 7i4500
001 0000017747
005 20080529.0
008 290508
020 |a 0007166079 
090 0 0 |a 155.4131   |b BUZ 
100 1 |a Buzan, Tony 
245 1 0 |a Brain child :   |b How smart parents make smart kids   |c Tony Buzan 
260 |a London :   |b Thorsons ,   |c 2003 
650 0 |a Child psychology popular works 
650 0 |a Learning, psychology of popular works 
650 0 |a Memory in children 
700 1 |a Wood, Godfrey 
999 |a 0001015017   |b Book   |c Adult Collection   |e Perbadanan Perpustakaan Awam Johor 
999 |a 0001015018   |b Book   |c Adult Collection   |e Perbadanan Perpustakaan Awam Johor 
999 |a 0001015019   |b Book   |c Adult Collection   |e Perbadanan Perpustakaan Awam Johor